000 01788nam a22004337a 4500
003 CHAP
005 20220817043024.0
008 971010s1964 r 00010 d
010 _a63038
011 _a64010
035 _a68981
040 _cCHAP
082 _a631.1
_bB45Y
100 0 0 _aBeneke, Raymond R.
_911557
245 _aDirección y administración de granjas
260 _aMéxico, D. F. :
_bLimusa,
_c1964
300 _a550 p.
_b: ilus.
590 _aBATCH-UPD
_b10
_c20130110
_lUCH01
_h0545
590 _aBATCH-UPD
_b10
_c20130110
_lUCH01
_h2314
590 _aBATCH-UPD
_b10
_c20130410
_lUCH01
_h0226
590 _aBATCH-UPD
_b10
_c20130914
_lUCH01
_h2116
590 _aCONVERSION
_b10
_c20130109
_lUCH01
_h1334
650 1 4 _aAgricultura
_xAspectos económicos.
650 1 4 _aEmpresas agropecuarias.
_936649
700 0 _aSoto Angli, José
_etrad.
_9108849
901 _aBK
942 _cLIBRO
949 _a631.1 B45Y
_bBC
_cLIBRO
_d-48525
_eLIBRO
_fc.4
_h20065
_i68981
_si
949 _a631.1 B45Y
_bBC
_cLIBRO
_d33724000054839
_eLIBRO
_fc.2
_h20063
_i68981
_si
949 _a631.1 B45Y
_bBC
_cLIBRO
_d33724000054847
_eLIBRO
_fc.3
_h20064
_i68981
_si
949 _a631.1 B45Y
_bBC
_cLIBRO
_d33724000054854
_eLIBRO
_h20062
_i68981
_si
949 _a631.1 B45Y
_bBC
_cLIBRO
_d33724000054920
_eLIBRO
_fc.10
_h74262
_i68981
_si
949 _a631.1 B45Y
_bBC
_cLIBRO
_d33724000054938
_eLIBRO
_fc.9
_h45838
_i68981
_si
949 _a631.1 B45Y
_bBC
_cLIBRO
_d33724000054946
_eLIBRO
_fc.8
_h39490
_i68981
_si
949 _a631.1 B45Y
_bBC
_cLIBRO
_d33724000054953
_eLIBRO
_fc.7
_h39456
_i68981
_si
949 _a631.1 B45Y
_bBC
_cLIBRO
_d33724000054961
_eLIBRO
_fc.5
_h20066
_i68981
_si
949 _a631.1 B45Y
_bBC
_cLIBRO
_d33724000806923
_eLIBRO
_fc.6
_h20067
_i68981
_si
949 _a631.1 B45Y
_bCRUAN
_cLIBRO
_d-1143
_eLIBRO
_h83
_i68981
_si
999 _c63038
_d63038